TOP 10 piosenek - Taco Hemingway - Statystyki

Ogólne statystyki
  • Ten quiz został rozwiązany 1 473 razy
    1 376 od ostatniego zresetowania
  • Średni wynik to 6 z 10
Statystyki odpowiedzi
# views utwór % Poprawnych
1 99 mln Tamagotchi
83%
10 31 mln Tamagotchi (feat.Podsiadło)
83%
2 77 mln 8 Kobiet
75%
5 50 mln Deszcz na betonie
70%
7 36 mln Nostalgia
61%
9 34 mln W PIĄTKI LEŻĘ W WANNIE
58%
8 35 mln POLSKIE TANGO
55%
3 58 mln Kryptowaluty
52%
6 40 mln Fiji
47%
4 58 mln Nowy Kolor
19%
Nie znaleziono quizów pasujących do podanych kryteriów
Rozkład punktacji
Procent ludzi z każdym wynikiem
Percentyl według liczby udzielonych odpowiedzi
Twoja historia wyników
Nie rozwiązałeś tego quizu od ostatniego zresetowania